To Study the Factors That Affect the Safety Culture of the Manufacturing Industry of Pakistan and Develop a Framework to Strengthen the Safety Culture / (Record no. 525204)
[ view plain ]
| 000 -LEADER | |
|---|---|
| fixed length control field | 00549nam a22001577a 4500 |
| 003 - CONTROL NUMBER IDENTIFIER | |
| control field | NUST |
| 038 ## - RECORD CONTENT LICENSOR | |
| Staff Name | Mr. Zahoor |
| 082 ## - DEWEY DECIMAL CLASSIFICATION NUMBER | |
| Classification number | 658.561 |
| 100 ## - MAIN ENTRY--PERSONAL NAME | |
| Personal name | Saif, Haneen |
| 9 (RLIN) | 15952 |
| 245 ## - TITLE STATEMENT | |
| Title | To Study the Factors That Affect the Safety Culture of the Manufacturing Industry of Pakistan and Develop a Framework to Strengthen the Safety Culture / |
| Statement of responsibility, etc. | Haneen Saif |
| 260 ## - PUBLICATION, DISTRIBUTION, ETC. | |
| Place of publication, distribution, etc. | Rawalpindi : |
| Name of publisher, distributor, etc. | EME - NUST, |
| Date of publication, distribution, etc. | 2010. |
| 300 ## - PHYSICAL DESCRIPTION | |
| Extent | xiv, 106 p. : ill. ; |
| Dimensions | 30 cm. |
| 500 ## - GENERAL NOTE | |
| General note | Hardcover. |
| 600 ## - SUBJECT ADDED ENTRY--PERSONAL NAME | |
| Personal name | Engineering Management - MS Thesis. |
| 9 (RLIN) | 15693 |
| 942 ## - ADDED ENTRY ELEMENTS (KOHA) | |
| Source of classification or shelving scheme | |
| Koha item type | Thesis |
| Withdrawn status | Lost status | Source of classification or shelving scheme | Damaged status | Not for loan | Permanent Location | Current Location | Shelving location | Date acquired | Total Checkouts | Full call number | Barcode | Date last seen | Price effective from | Koha item type |
|---|---|---|---|---|---|---|---|---|---|---|---|---|---|---|
| Central Library (CL) | Central Library (CL) | Thesis | 06/28/2019 | 658.561 | CL-T-151 | 06/30/2019 | 06/28/2019 | Thesis |
